000 01945cam a22003254a 4500
001 15181180
005 20080703100149.0
008 080214s2009 njua b 001 0 eng
020 _a0135000955
020 _a9780135000953
035 _a(OCoLC)ocn193908300
040 _aDLC
_cDLC
_dBAKER
_dYDXCP
_dC#P
_dDLC
082 0 0 _a658.562
_222
_bBES
100 1 _aBesterfield, Dale H.
_929226
245 1 0 _aQuality Control /
_cDale H. Besterfield.
250 _a8th ed.
260 _aUpper Saddle River, N.J. :
_bPearson/Prentice Hall,
_cc2009.
300 _aix, 540 p. :
_bill. (some col.) ;
_c24 cm. +
_e1 CD-ROM (4 3/4 in.)
504 _aIncludes bibliographical references (p. 523-525) and index.
650 0 _aQuality control.
_929227
653 _bMec
_cMarch2012
942 _2ddc
_cBB
999 _c16548
_d16548